000 00545nam a2200217Ia 4500
008 210210b2011 xxu||||| |||| 00| 0 eng d
020 _a9789327213041
041 _aeng
082 _a332.6 SINS
100 _aSINGH (Inderpal)
245 _aSecurity analysis and portfolio management
260 _aLudhiana
_bKalyani Publishers
_c2011
300 _a235
650 _aSecurity
650 _aportfolio
650 _amanagement
650 _aanalysis
690 _aInvestment Management
700 _aSAINI (Amarjit)
906 _a072825
999 _c122637
_d122637